| 000 | 01241nam a22002531a 4500 | ||
|---|---|---|---|
| 999 |
_c18262 _d18262 |
||
| 001 | 18262 | ||
| 003 | OSt | ||
| 005 | 20260204212357.0 | ||
| 008 | 170529s2016||||dr ||||||b||||||||||spa|| | ||
| 090 | _aESP-GCE 2016 V17 | ||
| 100 | 1 |
_aVásquez, Oneida _esustentante |
|
| 245 | 1 | _aColocación de cortinas Venecianas para la decoración interior del aula G-35 de la Universidad Tecnológica del Cibao Oriental (UTECO) / Oneida Vásquez, Dominga Vásquez, Dominga Almonte y otros ; asesor María Del Carmen Hernández Valerio | |
| 260 |
_aCotuí, Republica Dominicana : _bUTECO, _c2016 |
||
| 300 | _a34 hojas : | ||
| 502 | _aTesis (Especialidad en Planificación y Gestión de Centros Educativos)--Universidad Tecnológica del Cibao Oriental, 2016 | ||
| 504 | _aIncluye referencia bibliográfica e índice | ||
| 650 | 4 | _aDecoración de interior--Especialidad en Planificación y Gestión de Centros Educativos | |
| 700 | 1 |
_aVásquez, Dominga _esustentante |
|
| 700 | 1 |
_aAlmonte, Dominga _esustentante |
|
| 700 | 1 |
_aCaraballo Vásquez, María Yanira _esustentante |
|
| 700 | 1 |
_aHernández Valerio, María Del Carmen _easesor |
|
| 830 | _aTesis y disertaciones académicas (Universidad Tecnológica del Cibao Oriental) | ||
| 942 |
_2LC _cTH |
||